Los derechos humanos del siglo XXI : la revolución inconclusa /

Guardado en:
Otros Autores: Bidart Campos, Germán J., (coord.), Risso, Guido I., (coord.), Basterra, Marcela I., Capón Filas, Rodolfo., Carnota, Walter F., Corti, Arístides Horacio M., David, Pedro R., Farinello, Luis., Forte, Miguel Angel., Gil Domínguez, Andrés., Jiménez, Eduardo Pablo., Pérez Esquivel, Adolfo., Sagués, María Sofía., Spota, Alberto Antonio (h)
Formato: Libro
Idioma:Spanish
Publicado: Buenos Aires : Ediar, 2005
Edición:1a. ed.
Materias:
Etiquetas: Agregar Etiqueta
Sin Etiquetas, Sea el primero en etiquetar este registro!
LEADER 01047nam a22003135a 4500
001 DER.der011660
008 180615s2005####ag#||||||||||||||#||spa||
005 20250526110630.0
245 1 0 |a Los derechos humanos del siglo XXI :  |b la revolución inconclusa /  |c coordinado por Germán J. Bidart Campos, y Guido I. Risso. 
250 |a 1a. ed. 
260 |a Buenos Aires :  |b Ediar,  |c 2005 
300 |a 255 p. 
020 |a 9505741782 
700 1 |a Bidart Campos, Germán J.,  |e coord. 
700 1 |a Risso, Guido I.,  |e coord. 
700 1 |a Basterra, Marcela I. 
700 1 |a Capón Filas, Rodolfo. 
700 1 |a Carnota, Walter F. 
700 1 |a Corti, Arístides Horacio M. 
700 1 |a David, Pedro R. 
700 1 |a Farinello, Luis. 
700 1 |a Forte, Miguel Angel. 
700 1 |a Gil Domínguez, Andrés. 
700 1 |a Jiménez, Eduardo Pablo. 
700 1 |a Pérez Esquivel, Adolfo. 
700 1 |a Sagués, María Sofía. 
700 1 |a Spota, Alberto Antonio (h) 
650 7 |a DERECHOS HUMANOS 
859 |a DERECHO  |b BIB. DERECHO  |h 341.481.09  |i BID  |p 006724